|
|
|
|
| LEADER |
01574nam a2200313 a 4500 |
| 001 |
28866 |
| 003 |
BD-DhAAL |
| 005 |
20150131144016.0 |
| 008 |
150131s2014 nyua 001 0 eng |
| 020 |
|
|
|a 9780393920772
|
| 020 |
|
|
|a 9780393123968
|
| 040 |
|
|
|a DLC
|c DLC
|d YDX
|d BTCTA
|d YDXCP
|d BWX
|d DEBBG
|d DLC
|d BD-DhAAL
|d BD-DhAAL
|
| 050 |
0 |
0 |
|a HB172
|b .V34 2010
|
| 082 |
0 |
0 |
|a 338.5
|2 22
|
| 100 |
1 |
|
|a Varian, Hal R.
|9 6311
|
| 245 |
1 |
0 |
|a Intermediate microeconomics :
|b a modern approach /
|c Hal R. Varian.
|
| 250 |
|
|
|a 9th ed.
|
| 260 |
|
|
|a New York ;
|a London :
|b W.W. Norton & Co.,
|c c2014.
|
| 300 |
|
|
|a xxv, 758, A40 p. :
|b ill. ;
|c 25 cm.
|
| 500 |
|
|
|a Includes index.
|
| 504 |
|
|
|a Includes bibliographical references and index.
|
| 541 |
|
|
|e 28866
|
| 650 |
|
0 |
|a Microeconomics.
|9 6312
|
| 942 |
|
|
|2 ddc
|c BK
|
| 999 |
|
|
|c 33537
|d 33537
|
| 952 |
|
|
|0 0
|1 0
|2 ddc
|4 1
|6 338_500000000000000_VAR
|7 0
|9 52381
|a BRACUL
|b BRACUL
|c SPS
|g 5325.00
|l 14
|m 221
|o 338.5 VAR
|p 3010028866
|r 2022-09-06
|s 2022-06-20
|t 1
|w 2015-01-31
|y BK
|x Photocopy Book. Declared as Damaged on December 10, 2023
|
| 952 |
|
|
|0 0
|1 0
|2 ddc
|4 0
|6 338_500000000000000_VAR
|7 0
|9 52382
|a BRACUL
|b BRACUL
|c GEN
|d 0000-00-00
|g 5325.00
|l 22
|m 288
|o 338.5 VAR
|p 3010028867
|r 2026-04-06
|s 2026-03-31
|t 2
|w 2015-01-31
|y BK
|
| 952 |
|
|
|0 0
|1 0
|2 ddc
|4 0
|6 338_500000000000000_VAR
|7 0
|9 52383
|a BRACUL
|b BRACUL
|c CIR
|d 0000-00-00
|g 5325.00
|l 9
|m 55
|o 338.5 VAR
|p 3010028868
|r 2025-07-08
|s 2025-07-08
|t 3
|w 2015-01-31
|y 1HOUR
|
| 952 |
|
|
|0 0
|1 0
|2 ddc
|4 0
|6 338_500000000000000_VAR
|7 0
|9 52384
|a BRACUL
|b BRACUL
|c GEN
|g 5325.00
|l 21
|m 190
|o 338.5 VAR
|p 3010028873
|r 2025-10-21
|s 2025-06-25
|t 4
|w 2015-01-31
|y BK
|